000 00451nam a2200169 4500
003 SEACOMMC
005 20240930160142.0
008 240930b |||||||| |||| 00| 0 eng d
020 _a81-259-0932-x
_cRs.210.00
040 _aSEACOMMC
082 _a005.133
_bA 991
100 _a Azam, M
245 1 _aProgramming with Visual Basic 6.0
_c M Azam
260 _a New Delhi
_b Vikas Publishing House
_c2007
650 _a Computer Science
942 _cBOOK
999 _c614
_d614